000 00836nam a2200229Ia 4500
003 GCL
008 140319s9999 xx 000 0 ara d
020 _a8296209960
040 _aGCL /
_cGCL
082 0 4 _a240.3
_bع م
100 1 _aابى عبدالله عالم عبدالله فالح
245 1 0 _aمعجم الفاظ العقيدة /
_cابى عبدالله عالم عبدالله فالح
700 1 _aعبدالله بن عبدالرحمن بن جبرين
250 _aالثانية
260 _aالرياض :
_bمكتبة العبيكان ،
_c2000
300 _a505 ص ؛
_c24 سم
650 0 4 _aالعقيدة الاسلامية
650 0 4 _aالاسماء الحسنى
650 0 4 _aالعقيدة الاسلامية - معاجم
650 0 4 _aالفرق الاسلامية - معاجم
942 _2ddc
_cBK
999 _c7923
_d7923